000 00664 a2200205 4500
020 _a817888148-9
082 _a338.10954 / S87r
100 _aSaurath, Vivek
_912289
245 _aRural development :
_cVivek Saurath.
_bmajor issues in agricultural management /
260 _aNew Delhi :
_bDominant Publishers,
_cc2003.
300 _a292 p.
_bill.
518 _a2011-1-19
650 _aAgriculture
_xManagement.
_912290
650 _aRural development
_zIndia.
650 _aArid zone.
_912291
650 _aWater resources
_xManagement.
_912292
650 _aRegional development
_zIndia.
_912293
650 _aAgricultural programmes.
_912294
942 _2ddc
_cGEN
999 _c55296
_d55292